书目信息 |
| 题名: |
网球
|
|
| 作者: | 威克瑞 著 ;刘占捷 译 | |
| 分册: | ||
| 出版信息: | 北京 人民体育出版社 2001 |
|
| 页数: | 43页 | |
| 开本: | 29cm | |
| 丛书名: | 明星技术 | |
| 单 册: | ||
| 中图分类: | G845.19 | |
| 科图分类: | ||
| 主题词: | 网球运动--基本知识 | |
| 电子资源: | ||
| ISBN: | 7-5009-2094-6 | |
| 000 | 00690nam2 2200229 45 | |
| 001 | 0405191711 | |
| 005 | 20040201201924.6 | |
| 010 | @a7-5009-2094-6@b精装@dCNY17.00 | |
| 100 | @a20040519d2001 km y0chiy0120 ea | |
| 101 | 0 | @achi@ceng |
| 105 | @af z 000yy | |
| 200 | 1 | @a网球@AWang Qiu@f(西)阿伦特泽·桑切斯·威克瑞著@F(Xi)A Lun Te Ze·Sang Qie Si·Wei Ke Rui Zhu@g刘占捷译 |
| 210 | @a北京@c人民体育出版社@d2001 | |
| 215 | @a43页@c图@d29cm | |
| 225 | @a明星技术 | |
| 410 | @12001 @a明星技术 | |
| 606 | 0 | @a网球运动@x基本知识 |
| 690 | @aG845.19@v4 | |
| 701 | 0 | @a威克瑞@4著 |
| 702 | 0 | @a刘占捷@ALiu Zhan Jie@4译 |
| 801 | @aCN@bPftUser@c20040519 | |
| 905 | @b333270@dG845.19@e162@f1 | |
| 网球/(西)阿伦特泽·桑切斯·威克瑞著/刘占捷译.-北京:人民体育出版社,2001 |
| 43页:图;29cm.-(明星技术) |
| ISBN 7-5009-2094-6(精装):CNY17.00 |
| ● |
| 相关链接 |
|
|
|
|
正题名:网球
索取号:G845.19/162
 
预约/预借
| 序号 | 登录号 | 条形码 | 馆藏地/架位号 | 状态 | 备注 |
| 1 | 0333270 | 203332704 | 第一样本阅览室/ [索取号:G845.19/162] | 在馆 |